Normal view
MARC view
- Perrault, Charles,
Entry Personal Name
001 - CONTROL NUMBER
- control field: 14071
003 - CONTROL NUMBER IDENTIFIER
- control field: NUST
005 - DATE AND TIME OF LATEST TRANSACTION
- control field: 20190404064431.0
008 - FIXED-LENGTH DATA ELEMENTS
- fixed length control field: 190404|| aca||aabn | a|a d
040 ## - CATALOGING SOURCE
- Original cataloging agency: NUST
- Transcribing agency: NUST
100 ## - HEADING--PERSONAL NAME
- Personal name: Perrault, Charles,
- Dates associated with a name: 1628-1703.
670 ## - SOURCE DATA FOUND
- Source citation: Work cat.: (NUST)232941: Perrault, Charles, 1628-1703., Perrault's fairy tales., 2004
